| 000 -LEADER |
| fixed length control field |
00486nam a22001817a 4500 |
| 005 - DATE & TIME |
| control field |
20260205140609.0 |
| 008 - FIXED-LENGTH DATA ELEMENTS--GENERAL INFORMATION |
| fixed length control field |
260205b xxu||||| |||| 00| 0 eng d |
| 020 ## - ISBN |
| International Standard Book Number |
9780670089369 |
| Price |
Rs.699.00 |
| 040 ## - CATALOGING SOURCE |
| Original cataloging agency |
RBU-Library |
| 041 ## - Language |
| Language |
English |
| 082 ## - DDC NUMBER |
| Classification number |
320.9 |
| Book Number |
G942 |
| 100 ## - MAIN ENTRY--PERSONAL NAME |
| Personal name |
Guha, Ramachandra |
| 245 ## - TITLE STATEMENT |
| Title |
Democrats and dissenters |
| 260 ## - PUBLICATION, DISTRIBUTION, ETC. (IMPRINT) |
| Place of publication, distribution, etc |
Gurgaon: |
| Name of publisher, distributor, etc |
Penguin Books, |
| Date of publication, distribution, etc |
c2016 |
| 300 ## - PHYSICAL DESCRIPTION |
| Pages |
317p. |
| 650 ## - Subject |
| Subject |
Democracy-India |
| 942 ## - ADDED ENTRY ELEMENTS (KOHA) |
| Koha item type |
Departmental Books |
| 100 ## - MAIN ENTRY--PERSONAL NAME |
| -- |
1105 |
| 650 ## - Subject |
| -- |
592 |